000 00716nam a2200265Ia 4500
003 OSt
005 20221006150030.0
006 a|||||r|||| 00| 0
007 ta
008 221006b |||||||| |||| 00| 0 eng d
020 _c
_7.95(each)
024 _a16,828
037 _cTextual
040 _aEASL
_cEASL
_beng
041 _2eng
_aeng
082 _aV41,41-1y7M93, K6-;2
100 _aSCHRAM Stuart
_9153335
245 0 _aMao Tse-tung
_b Political leaders of the twentieth century
260 _aEngland
_bPenguin Books
_c1966
300 _a351p.
_ccm.
490 _v CEL
650 _aCEL
942 _hV41,41-1y7M93, K6-;2
_cTEXL
_2CC
999 _c1084914
_d1084914